LEADER 01936nam 22004933 450 001 9911028764903321 005 20260318140000.0 010 $a9781349961320$b(electronic bk.) 010 $z9781349961313 035 $a(MiAaPQ)EBC32305928 035 $a(Au-PeEL)EBL32305928 035 $a(CKB)40989605700041 035 $a(OCoLC)1545002309 035 $a(EXLCZ)9940989605700041 100 $a20250923d2025 uy 0 101 0 $aeng 135 $aurcnu|||||||| 181 $ctxt$2rdacontent 182 $cc$2rdamedia 183 $acr$2rdacarrier 200 14$aThe Grants Register 2026 $eThe Complete Guide to Postgraduate Funding Worldwide 205 $a44th ed. 210 1$aLondon :$cPalgrave Macmillan Limited,$d2025. 210 4$d©2025. 215 $a1 online resource (3685 pages) 225 1 $aEducation Series 311 08$aPrint version: Macmillan, Palgrave The Grants Register 2026 London : Palgrave Macmillan Limited,c2025 9781349961313 330 $aThe Grants Register 2026 is the most authoritative and comprehensive guide available of postgraduate and professional funding worldwide.It contains international coverage of grants in almost 60 countries, both English and non-English speaking; information on subject areas, level of study, eligibility and value of awards; and information on over. 410 0$aEducation Series 606 $aEDUCATION / Adult & Continuing Education$2bisacsh 606 $aEDUCATION / Professional Development$2bisacsh 606 $aBeques$2thub 608 $aGuies$2thub 608 $aLlibres electrònics$2thub 615 7$aEDUCATION / Adult & Continuing Education 615 7$aEDUCATION / Professional Development 615 7$aBeques 700 $aMacmillan$b Palgrave$01793920 801 0$bMiAaPQ 801 1$bMiAaPQ 801 2$bMiAaPQ 912 $a9911028764903321 996 $aThe Grants Register 2026$94436712 997 $aUNINA